Bright lights, big city / (Record no. 1892)
[ view plain ]
| 000 -LEADER | |
|---|---|
| fixed length control field | 03092cjm a2200625 a 4500 |
| 001 - CONTROL NUMBER | |
| control field | data |
| 005 - DATE AND TIME OF LATEST TRANSACTION | |
| control field | 20260322212123.0 |
| 007 - PHYSICAL DESCRIPTION FIXED FIELD--GENERAL INFORMATION | |
| fixed length control field | data |
| 008 - FIXED-LENGTH DATA ELEMENTS--GENERAL INFORMATION | |
| fixed length control field | data |
| 035 ## - SYSTEM CONTROL NUMBER | |
| System control number | 20506554 |
| 010 ## - LIBRARY OF CONGRESS CONTROL NUMBER | |
| LC control number | 2018620434 |
| 024 1# - OTHER STANDARD IDENTIFIER | |
| Standard number or code | 791558198423 |
| 028 00 - PUBLISHER OR DISTRIBUTOR NUMBER | |
| Publisher or distributor number | 7915581984-2 |
| Source | Sh-K-Boom Records |
| Qualifying information | (label) |
| 028 00 - PUBLISHER OR DISTRIBUTOR NUMBER | |
| Publisher or distributor number | 1984-2 |
| Source | Sh-K-Boom Records |
| Qualifying information | (container spine) |
| 033 00 - DATE/TIME AND PLACE OF AN EVENT | |
| Formatted date/time | 20040523 |
| Geographic classification area code | 3804 |
| Geographic classification subarea code | N4 |
| 035 ## - SYSTEM CONTROL NUMBER | |
| System control number | (OCoLC)61285748 |
| 040 ## - CATALOGING SOURCE | |
| Original cataloging agency | FQG |
| Language of cataloging | eng |
| Transcribing agency | FQG |
| Modifying agency | DLC |
| -- | BTCTA |
| -- | OCLCA |
| -- | OCLCQ |
| -- | S9I |
| -- | OCLCF |
| -- | OCLCO |
| -- | NEO |
| -- | OCLCQ |
| -- | TYC |
| -- | OCL |
| -- | DLC |
| 042 ## - AUTHENTICATION CODE | |
| Authentication code | lccopycat |
| 050 00 - LIBRARY OF CONGRESS CALL NUMBER | |
| Classification number | SDC 98554 |
| 082 04 - DEWEY DECIMAL CLASSIFICATION NUMBER | |
| Classification number | 782.14 |
| Item number | G623br |
| 100 1# - MAIN ENTRY--PERSONAL NAME | |
| Personal name | Goodman, Paul Scott, |
| Dates associated with a name | 1957- |
| 245 10 - TITLE STATEMENT | |
| Title | Bright lights, big city / |
| Statement of responsibility, etc. | [music and lyrics by Paul Scott Goodman ; based on a novel by Jay McInerney]. |
| 260 ## - PUBLICATION, DISTRIBUTION, ETC. | |
| Place of publication, distribution, etc. | New York, NY : |
| Name of publisher, distributor, etc. | Sh-K-Boom Records, |
| Date of publication, distribution, etc. | ℗2005. |
| 300 ## - PHYSICAL DESCRIPTION | |
| Extent | 1 audio disc (76 min., 39 sec.) : |
| Other physical details | digital ; |
| Dimensions | 4 3/4 in. |
| 306 ## - PLAYING TIME | |
| Playing time | 011639 |
| 336 ## - CONTENT TYPE | |
| Content type term | performed music |
| Content type code | prm |
| Source | rdacontent |
| 337 ## - MEDIA TYPE | |
| Media type term | audio |
| Media type code | s |
| Source | rdamedia |
| 338 ## - CARRIER TYPE | |
| Carrier type term | audio disc |
| Carrier type code | sd |
| Source | rdacarrier |
| 500 ## - GENERAL NOTE | |
| General note | Sh-K-Boom Records: 7915581984-2 (on container spine: 1984-2). |
| 500 ## - GENERAL NOTE | |
| General note | Compact disc. |
| 500 ## - GENERAL NOTE | |
| General note | "Parental advisory, explicit content"--Container. |
| 500 ## - GENERAL NOTE | |
| General note | Libretto ([24] p. : ports.) inserted in container. |
| 505 00 - FORMATTED CONTENTS NOTE | |
| Title | Wordfall. |
| -- | Back in the city -- |
| -- | Sunday morning 6 a.m. -- |
| -- | Coma baby -- |
| -- | Fact and fiction -- |
| -- | I hate the French -- |
| -- | Brother -- |
| -- | I hate the French |
| Miscellaneous information | (reprise) -- |
| Title | Odeon -- |
| -- | Happy birthday, darling -- |
| -- | Missing -- |
| -- | To model -- |
| -- | So many little things -- |
| -- | Back in the city 2 -- |
| -- | Kindness -- |
| -- | Perfect feeling -- |
| -- | Bright lights, big city 2 -- |
| -- | You couldn't handle it, Jamie -- |
| -- | My son -- |
| -- | Wednesday -- |
| -- | Camera wall -- |
| -- | Heart and soul -- |
| -- | Brother 2 -- |
| -- | Mummies at the Met -- |
| -- | Are you still holding my hand? -- |
| -- | Brother 3 -- |
| -- | Monstrous events -- |
| -- | Stay in my life -- |
| -- | Wordfall. |
| 511 0# - PARTICIPANT OR PERFORMER NOTE | |
| Participant or performer note | Patrick Wilson, Jesse L. Martin, Sharon Leal, Sherie Rene Scott, Gavin Creel, Christine Ebersole, Ann Marie Milazzo, Eden Espinosa, Celia Keenan-Bolger, Everett Bradley ; with supporting vocalists; chorus; instrumental ensemble; Roger Butterley, conductor, guitar, keyboards, and arrangements. |
| 518 ## - DATE/TIME AND PLACE OF AN EVENT NOTE | |
| Date/time and place of an event note | Recorded principally at the Hit Factory, New York, May 23, 2004. |
| 650 #0 - SUBJECT ADDED ENTRY--TOPICAL TERM | |
| Topical term or geographic name entry element | Musicals. |
| 650 #7 - SUBJECT ADDED ENTRY--TOPICAL TERM | |
| Topical term or geographic name entry element | Musicals. |
| Source of heading or term | fast |
| Authority record control number or standard number | (OCoLC)fst01030814 |
| 655 #7 - INDEX TERM--GENRE/FORM | |
| Genre/form data or focus term | Musicals. |
| Source of term | fast |
| Authority record control number or standard number | (OCoLC)fst01726680 |
| 655 #7 - INDEX TERM--GENRE/FORM | |
| Genre/form data or focus term | Musicals. |
| Source of term | lcgft |
| 700 1# - ADDED ENTRY--PERSONAL NAME | |
| Personal name | Wilson, Patrick, |
| Dates associated with a name | 1973- |
| Relationship | sng |
| 700 1# - ADDED ENTRY--PERSONAL NAME | |
| Personal name | Martin, Jesse L. |
| Relationship | sng |
| 700 1# - ADDED ENTRY--PERSONAL NAME | |
| Personal name | Leal, Sharon. |
| Relationship | sng |
| 700 1# - ADDED ENTRY--PERSONAL NAME | |
| Personal name | Scott, Sherie Rene, |
| Dates associated with a name | 1969- |
| Relationship | sng |
| 700 1# - ADDED ENTRY--PERSONAL NAME | |
| Personal name | Creel, Gavin. |
| Relationship | sng |
| 700 1# - ADDED ENTRY--PERSONAL NAME | |
| Personal name | Ebersole, Christine. |
| Relationship | sng |
| 700 1# - ADDED ENTRY--PERSONAL NAME | |
| Personal name | Milazzo, Ann Marie. |
| Relationship | sng |
| 700 1# - ADDED ENTRY--PERSONAL NAME | |
| Personal name | Espinosa, Eden. |
| Relationship | sng |
| 700 1# - ADDED ENTRY--PERSONAL NAME | |
| Personal name | Keenan-Bolger, Celia. |
| Relationship | sng |
| 700 1# - ADDED ENTRY--PERSONAL NAME | |
| Personal name | Bradley, Everett. |
| Relationship | sng |
| 700 1# - ADDED ENTRY--PERSONAL NAME | |
| Personal name | Butterley, Roger. |
| Relationship | arr |
| -- | itr |
| -- | arr |
| 700 1# - ADDED ENTRY--PERSONAL NAME | |
| Personal name | McInerney, Jay. |
| Title of a work | Bright lights, big city. |
| 906 ## - LOCAL DATA ELEMENT F, LDF (RLIN) | |
| a | 7 |
| b | cbc |
| c | copycat |
| d | 2 |
| e | ncip |
| f | 20 |
| g | y-soundrec |
| 925 0# - | |
| -- | acquire |
| -- | 2 shelf copies |
| -- | policy default |
| Withdrawn status | Lost status | Damaged status | Not for loan | Home library | Current library | Shelving location | Date acquired | Total checkouts | Full call number | Barcode | Date last seen | Price effective from | Koha item type |
|---|---|---|---|---|---|---|---|---|---|---|---|---|---|
| Troy | Troy | General stacks | 22/03/2026 | 782.14 | LOC-TPL-00024 | 22/03/2026 | 22/03/2026 | Books |